000 00300nam a2200133Ia 4500
008 221030s9999 xx 000 0 und d
041 _aEnglish
082 _a105.23
100 _aR S Kaplan
245 0 _aAdvanced Management Accounting
_cby R S Kaplan
260 _c0
650 _aMc
942 _cBK
999 _c11246
_d11246